00333nam a2200121Ia 4500008004100000041000800041082001500049100002200064245004500086260004000131300003100171365000900202240624s9999 xx 000 0 und d aeng a658.15 SCH aSCHMIDLIN NICOLAS aART OF COMPANY VALUATION AND FINANCIAL S c2014aNew JerseybJohn WIley & Sons axiv, : 250 : p. : cm. ; 25 cb26